50 pays les plus peuplés - Statistiques

Statistiques générales
  • Ce quiz a été pris 152 fois
  • Le résultat moyen est 41 sur 51
Statistiques - réponses
Hint Réponse % Correct
1,4 milliard Chine
100%
341 millions Etats-Unis
99%
68 millions France
99%
1,5 milliard Inde
99%
223 millions Brésil
97%
46 millions Espagne
97%
84 millions Allemagne
96%
123 millions Japon
96%
47 millions Argentine
95%
40 millions Canada
95%
145 millions Russie
95%
59 millions Italie
92%
139 millions Mexique
92%
48 millions Algérie
90%
62 millions Afrique du Sud
89%
285 millions Indonésie
89%
91 millions Turquie
89%
118 millions Egypte
88%
53 millions Colombie
87%
52 millions Corée du Sud
87%
39 millions Maroc
87%
234 millions Nigeria
87%
255 millions Pakistan
86%
37 millions Pologne
86%
71 millions Thaïlande
86%
102 millions Vietnam
86%
68 millions Royaume-Uni
85%
92 millions Iran
84%
106 millions RD Congo
84%
34 millions Arabie Saoudite
80%
46 millions Irak
80%
135 millions Ethiopie
79%
35 millions Pérou
79%
38 millions Ukraine
78%
176 millions Bangladesh
76%
117 millions Philippines
74%
44 millions Afghanistan
72%
35 millions Malaisie
72%
57 millions Kenya
71%
51 millions Soudan
71%
39 millions Angola
63%
70 millions Tanzanie
63%
32 millions Côte d'Ivoire
62%
57 millions Birmanie
58%
34 millions Mozambique
55%
41 millions Yémen
55%
32 millions Madagascar
53%
51 millions Ouganda
53%
35 millions Ghana
52%
30 millions Népal
52%
37 millions Ouzbékistan
50%
Aucun quiz correspondant
Distribution des résultats
% des personnes avec chaque résultat
Percentile par nombre de réponses
Votre historique - résultats
Vous n’avez pas pris ce quiz